TOP 100 rappeurs - Statistiques

Statistiques générales
  • Ce quiz a été pris 178 fois
  • Le résultat moyen est 31 sur 101
Statistiques - réponses
1ere lettre RAPPEUR % Correct
B BOOBA
95%
J JUL
84%
N NINHO
78%
D DAMSO
74%
G GIMS
72%
K KAARIS
72%
S SCH
68%
B BEENDO Z
67%
N NISKA
64%
P PLK
63%
P PNL
63%
G GAZO
61%
W WERENOI
57%
S SDM
55%
H HAMZA
54%
T TIAKOLA
54%
N NAPS
52%
N NEKFEU
51%
K KOBALAD
49%
K KALASH
48%
V VALD
48%
L LAFOUINE
46%
L LAMANO
46%
L LETO
45%
D DINOS
44%
D DJADJA ET DINAZ
42%
G GRADUR
42%
Z ZOLA
42%
M MAES
41%
L L2B
40%
F FREEZE CORLEONE
39%
K KEBLACK
38%
R RK
37%
H HEUSS LENFOIRE
36%
S SOPRANO
36%
Z ZIAK
36%
K KALASH CRIMINEL
35%
N NONO LA GRINTA
35%
J JOSMAN
34%
S SOFIANE
34%
F FAVE
33%
S SOSO MANESS
33%
G GAMBI
32%
R RIM'K
32%
4 4KEUS
30%
F FRANGLISH
29%
K KERCHAK
29%
N NAZA
29%
R RNBOI
29%
T TAYC
29%
1 1 PLIKE 140
28%
Z ZE
28%
M MHD
27%
M MISTER YOU
26%
T TIMAL
25%
G GENEZIO
24%
J JOK'AIR
24%
O OBOY
24%
G GUY2BEZBAR
23%
R ROHFF
23%
M MOHA LA SQUALE
21%
S SOOLKING
21%
T TIMAR
21%
B BOUSS
19%
R R2
19%
S SHAY
19%
U UZI
19%
H HORNET LA FRAPPE
18%
K KOFS
18%
L LAYLOW
18%
L LORENZO
18%
T TK
18%
J JRK 19
16%
L LA RVFLEUSE
15%
Z ZKR
15%
J JOLAGREEN
14%
Z ZAMDANE
14%
G GREEN MONTANA
13%
H HOUDI
13%
L LUIDJI
13%
S SAIF
12%
K KAZA
11%
I ISK
10%
S SASSO
10%
V VEN1
10%
B BOSH
9%
J JKSN
9%
L LACRIME
9%
L LE CRIME
9%
M MEDINE
9%
G GLK
8%
H HLD
8%
L LA HASBA 22
8%
B BELLO ET DALLAS
7%
K KANOE
7%
Z ZZ
7%
W WIXO ET LA2S
5%
Z ZOKUSH
5%
S SOKRA
2%
L LA CHINE
1%
M MENACE SENTANA
1%
Aucun quiz correspondant
Distribution des résultats
% des personnes avec chaque résultat
Percentile par nombre de réponses
Votre historique - résultats
Vous n’avez pas pris ce quiz